Score 0/24 Timer 06:00
3 Plays Today
% Correct
Ellen DeGeneres
89.9%
Johnny Carson
88.7%
Jerry Seinfeld
85.6%
Chris Rock
83.9%
Whoopi Goldberg
83.4%
John Belushi
83.3%
Steve Martin
81.6%
George Carlin
81.5%
Eddie Murphy
81.1%
Rodney Dangerfield
79.6%
Stephen Colbert
79.4%
Amy Schumer
79.2%
% Correct
Roseanne Barr
75.4%
Robin Williams
75%
Bob Hope
75%
Andy Kaufman
68.4%
Carol Burnett
67.3%
Don Rickles
66.3%
Joan Rivers
64.7%
Phyllis Diller
61.3%
Richard Pryor
60.7%
Lily Tomlin
60%
Flip Wilson
59.5%
Lenny Bruce
58.4%
Remove Ads.
Support Sporcle.
Get the best of Sporcle when you Go Orange. This ad-free experience offers more features, more stats, and more fun while also helping to support Sporcle. Thank you for becoming a member.

You're not logged in!

Compare scores with friends on all Sporcle quizzes.
OR
Log In

Show Comments

Extras

Top Quizzes Today


Score Distribution

Your Account Isn't Verified!

In order to create a playlist on Sporcle, you need to verify the email address you used during registration. Go to your Sporcle Settings to finish the process.

Report this User

Report this user for behavior that violates our Community Guidelines.

Details: